000 00518nam a2200169Ia 4500
999 _c9051
_d9051
003 OSt
005 20201009113425.0
008 190216s9999||||xx |||||||||||||| ||und||
040 _coclc
082 _a005
_bKOR/I
100 _aKoroth, Abdul Assis
_91079
245 0 _aInformation Technology For Business /
_cAbdul Assis Koroth
260 _bCalicut University Central Co-Operative,
_c2009.
_aCalicut:
300 _a326p
650 _aComputer Science
942 _cBK
_2ddc
_h005
_iKOR/I
_k005
_mKOR/I